| 000 | 01917nam0a22003971 4500 | ||
|---|---|---|---|
| 001 | RU\NLR\bibl\745734 | ||
| 005 | 20250614004610.0 | ||
| 010 |
_a5-9900095-5-0 _9500 |
||
| 021 |
_aRU _b2004-73431 _93618 |
||
| 035 | _aRSL-KNO-002503844 | ||
| 035 | _a(NLR Aleph) 000735573 | ||
| 090 |
_a789889 _c789889 |
||
| 100 | _a20041130d2004 |||y0rusy50 ca | ||
| 101 | 1 |
_arus _ceng |
|
| 102 | _aRU | ||
| 105 | _aa ||||||||| | ||
| 106 | _ar | ||
| 200 | 1 |
_aЯпонские свечи: графический анализ финансовых рынков _eсоврем. рук. по древ. инвестиц. методике Востока _fСтив Нисон _g[пер. с англ. : Дозорова Т., Волкова М. _gред. пер. : Самотаев И. В.] |
|
| 210 |
_aМ. _cЕвро _d2004 _gОАО Можайский полигр. комб. |
||
| 215 |
_a324 с. _cил. _d30 |
||
| 300 | _aЗагл. и авт. ориг.: Japanese candlestick charting techniques / Steven Nison | ||
| 454 | 0 |
_12001#$aJapanese candlestick charting techniques _1700#1$aNison$bS/$gSteven$4070 _tJapanese candlestick charting techniques _aNison, Steven |
|
| 606 | 1 |
_aРынки финансовые _xГрафический анализ _92196000 _3RU\NLR\auth\661319821 |
|
| 610 | 0 | _aЭкономика -- Экономический анализ -- Капиталистические страны -- Финансы -- Фондовый рынок -- Ценообразование | |
| 610 | 0 |
_aграфический анализ _aтехнический анализ |
|
| 686 |
_aУ053.826.229-861,0 _2rubbk |
||
| 686 | _aУ26(0)229.5 | ||
| 700 | 1 |
_aНисон _bС. _gСтив _4070 |
|
| 801 | 0 |
_aRU _bRuMoRKP _c20041130 _grcr |
|
| 801 | 1 |
_aRU _bRuMoRGB _c20041130 |
|
| 801 | 2 |
_aRU _bNLR _c20050407 _gPSBO |
|
| 852 |
_aNLR _bОЛСАА-сл-спр _j5-416 |
||
| 942 | _cBOOK | ||
| 980 | _aNB | ||
| 980 | 1 | _aSL_SPR | |